| Tag |
First Indicator |
Second Indicator |
Subfields |
| LEADER |
00000cam a2200000 4500 |
| 001 |
in00000041842 |
| 005 |
20151007064806.0 |
| 008 |
800524s1966 enka b 00010 eng d |
| 035 |
|
|
|a (OCoLC)06354543
|
| 035 |
|
|
|9 AAE0614AM
|
| 040 |
|
|
|a TXA
|c TXA
|d UtOrBLW
|
| 049 |
|
|
|a TXAM
|c [464145]
|
| 090 |
|
|
|a TA357
|b .S2 1964
|
| 092 |
|
|
|a 532.5
|b S115f, 1966
|
| 100 |
1 |
|
|a Sabersky, Rolf H.
|
| 245 |
1 |
0 |
|a Fluid flow :
|b a first course in fluid mechanics /
|c [by] Rolf H. Sabersky [and] Allen J. Acosta.
|
| 264 |
|
1 |
|a London :
|b Collier-Macmillan;
|a New York :
|b Macmillan,
|c [1966]
|
| 300 |
|
|
|a xvii, 393 pages :
|b illustrations ;
|c 24 cm.
|
| 336 |
|
|
|a text
|b txt
|2 rdacontent
|
| 337 |
|
|
|a unmediated
|b n
|2 rdamedia
|
| 338 |
|
|
|a volume
|b nc
|2 rdacarrier
|
| 490 |
1 |
|
|a A Macmillan series in mechanical engineering
|
| 504 |
|
|
|a Includes bibliographies.
|
| 650 |
|
0 |
|a Fluid dynamics.
|
| 700 |
1 |
|
|a Acosta, Allen J.
|
| 830 |
|
0 |
|a Macmillan series in mechanical engineering.
|
| 999 |
|
|
|a MARS
|
| 999 |
f |
f |
|s 573e08cd-ed8a-322a-887e-d8c2a0690e65
|i 12bf2745-e803-3447-9834-8ee49d003bac
|t 0
|
| 952 |
f |
f |
|p normal
|a Texas A&M University
|b College Station
|c Sterling C. Evans Library
|d Evans: Library Stacks
|t 0
|e TA357 .S2 1964
|h Library of Congress classification
|i unmediated -- volume
|m A14800914858
|
| 998 |
f |
f |
|a TA357 .S2 1964
|t 0
|l Evans: Library Stacks
|